Sports that are Something "Ball" ⚾️ - Statistics

General Stats
  • This quiz has been taken 349 times
  • The average score is 8 of 14
Answer Stats
Hint Sport % Correct
"America's pastime" baseball
99%
Two teams dribble a ball and score by throwing into a net. basketball
82%
Two teams hit a ball back and forth over a net with their hands. volleyball
80%
Similar to the first sport, but with a larger ball on a smaller field softball
75%
Similar to rugby, it is also known as "gridiron". football
72%
Two teams try to throw balls and hit opponents while avoiding being hit. dodgeball
70%
Two teams of seven score by throwing the ball into the other team's goal. handball
55%
Similar to the first sport, but feet are used instead of a bat kickball
53%
Two or four players hit a hollow, holed plastic ball over a net with paddles. pickleball
46%
Similar to the first sport, but the ball is hit from a stationary position tee-ball
45%
Two people hit a ball connected to a pole by a rope. tetherball
42%
Like squash, but with a bigger, usually blue, ball racquetball
32%
Similar to the first sport, but a street game using a broom and rubber ball stickball
21%
Like squash, but using hands (a schoolyard game) wallball
17%
No matching quizzes found
Score Distribution
Percent of People with Each Score
Percentile by Number Answered
Your Score History
You have not taken this quiz